00737nam a2200181 a 4500008004100000020001500041050002200056100001900078245007300097250001100170260003200181300002900213350000900242650005300251995009600304999001700400952013800417120416s1984 ||||||||||||||||| || u a0070533490 aHF 5549.5.C67 Han aRock, Milton L10aHandbook of wage and salary administrationcedited by Milton L. Rock a2nd.ed aNew YorkbMcGraw-Hillc1984 aVarious pagination : ill a0.00 aCOMPENSATION MANAGEMENT--HANDBOOKS, MANUALS, ETC D0.00FCBU-MAIN LIBRARY (Kitwe)H1I47.95M1UAVAILABLEZMain Library Open Access Collection c45337d45337 00102lcc4070a001b001cMain Library Open Access Collectiond2022-11-30l0oHF 5549.5.C67 Hanp006404r2022-11-30w2022-11-30y002